[Event "Barcelona IM1 06"]
[Site "Barcelona"]
[Date "2025.06.28"]
[Round "5"]
[White "Jimenez Fernandez, Rebeca"]
[Black "Martin Gonzalez, Angel"]
[Result "0-1"]
[WhiteElo "2154"]
[BlackElo "2181"]
[PlyCount "62"]
[EventDate "2025.06.25"]
[EventType "tourn"]
[EventRounds "9"]
[EventCountry "ESP"]
[SourceTitle "CB28_2025"]
[SourceDate "2025.07.09"]
[SourceVersion "1"]
[SourceVersionDate "2025.07.09"]
[SourceQuality "1"]

1. e4 c5 2. Nf3 d6 3. d4 cxd4 4. Nxd4 Nf6 5. Nc3 g6 6. Be3 Bg7 7. f3 Nc6 8. Qd2 0-0 9. Bc4 Bd7 10. 0-0-0 Qa5 11. Kb1 Rfc8 12. Bb3 Ne5 13. g4 Nc4 14. Bxc4 Rxc4 15. h4 Rac8 16. h5 Rxc3 17. bxc3 Bxg4 18. hxg6 hxg6 19. Bh6 Bh8 20. Rdg1 Bxf3 21. Nf5 Rc7 22. Bf8 Bxh1 23. Rxh1 Nh5 24. Bxe7 Qb6+ 25. Kc1 Bxc3 26. Qxd6 Qb2+ 27. Kd1 Qb1+ 28. Ke2 Qxh1 29. Qxc7 Qxe4+ 30. Ne3 Nf4+ 31. Kf2 Qxe3+ 0-1

[Event "Barcelona IM1 06"]
[Site "Barcelona"]
[Date "2025.06.27"]
[Round "4"]
[White "Cruz Estrada, Filemon"]
[Black "Jimenez Fernandez, Rebeca"]
[Result "1/2-1/2"]
[WhiteElo "2241"]
[BlackElo "2154"]
[PlyCount "25"]
[EventDate "2025.06.25"]
[EventType "tourn"]
[EventRounds "9"]
[EventCountry "ESP"]
[SourceTitle "CB28_2025"]
[SourceDate "2025.07.09"]
[SourceVersion "1"]
[SourceVersionDate "2025.07.09"]
[SourceQuality "1"]

1. c4 e6 2. Nf3 Nf6 3. b3 d5 4. e3 Be7 5. Bb2 0-0 6. Be2 b6 7. 0-0 Bb7 8. Nc3 c5 9. cxd5 Nxd5 10. d3 Bf6 11. Qc2 Nxc3 12. Bxc3 Bxc3 13. Qxc3 1/2-1/2

[Event "Titled Tuesday intern op 04th Mar Early"]
[Site "Chess.com INT"]
[Date "2025.03.04"]
[Round "10"]
[White "Hernandez Izquierdo, Jose A"]
[Black "Jimenez Fernandez, Rebeca"]
[Result "1-0"]
[WhiteElo "2223"]
[BlackElo "2167"]
[PlyCount "75"]
[EventDate "2025.03.04"]
[EventType "swiss (blitz)"]
[EventRounds "11"]
[EventCountry "USA"]
[SourceTitle "CB11_2025"]
[SourceDate "2025.03.12"]
[SourceVersion "1"]
[SourceVersionDate "2025.03.12"]
[SourceQuality "1"]

1. d4 d5 2. Nc3 c6 3. Bf4 Nf6 4. e3 e6 5. Nf3 Bd6 6. Ne5 0-0 7. Bd3 c5 8. dxc5 Bxc5 9. 0-0 Nc6 10. Nxc6 bxc6 11. e4 Qb6 12. Na4 Qa5 13. Nxc5 Qxc5 14. e5 Ne4 15. Bxe4 dxe4 16. Qe2 Qb5 17. c4 Qb6 18. b3 c5 19. Qxe4 Bb7 20. Qe3 Rad8 21. Rad1 Qc6 22. f3 h6 23. Bg3 a5 24. Bf2 Rc8 25. Rd6 Qc7 26. Rfd1 a4 27. Bg3 Qa5 28. Be1 Qa8 29. Qf4 axb3 30. axb3 Qa2 31. R6d3 Bc6 32. Qg4 Rb8 33. Bh4 Kh7 34. Be7 Rfe8 35. Bxc5 Rxb3 36. Rxb3 Qxb3 37. Qd4 Rc8 38. h3 1-0

[Event "Titled Tuesday intern op 04th Mar Early"]
[Site "Chess.com INT"]
[Date "2025.03.04"]
[Round "4"]
[White "Jimenez Fernandez, Rebeca"]
[Black "Mirza, Diana"]
[Result "1-0"]
[WhiteElo "2167"]
[BlackElo "1965"]
[PlyCount "79"]
[EventDate "2025.03.04"]
[EventType "swiss (blitz)"]
[EventRounds "11"]
[EventCountry "USA"]
[SourceTitle "CB11_2025"]
[SourceDate "2025.03.12"]
[SourceVersion "1"]
[SourceVersionDate "2025.03.12"]
[SourceQuality "1"]

1. e4 c5 2. Nc3 e6 3. g3 Nc6 4. Bg2 a6 5. d3 Qc7 6. Be3 Nf6 7. h3 d5 8. exd5 exd5 9. Nxd5 Nxd5 10. Bxd5 Bd6 11. Ne2 0-0 12. Bg2 Re8 13. Qd2 Nd4 14. Bxd4 cxd4 15. 0-0 Qb6 16. c3 dxc3 17. bxc3 Bf5 18. d4 Rad8 19. Rfe1 Qc7 20. Rac1 Be7 21. h4 Ba3 22. Rcd1 b5 23. Nf4 Rf8 24. Nd5 Qd6 25. Ne7+ Qxe7 26. Rxe7 Bxe7 27. Qf4 g6 28. h5 Bd6 29. Qd2 Rfe8 30. h6 Bg4 31. Re1 Bf8 32. Rxe8 Rxe8 33. d5 Re2 34. Qf4 Re1+ 35. Kh2 Bf5 36. d6 Re8 37. Bc6 Rd8 38. d7 Bxd7 39. Qd4 Be7 40. Qg7# 1-0

[Event "Titled Tuesday intern op 04th Mar Early"]
[Site "Chess.com INT"]
[Date "2025.03.04"]
[Round "11"]
[White "Vedant, Nitin Vekhande"]
[Black "Jimenez Fernandez, Rebeca"]
[Result "1-0"]
[WhiteElo "2167"]
[BlackElo "2167"]
[PlyCount "77"]
[EventDate "2025.03.04"]
[EventType "swiss (blitz)"]
[EventRounds "11"]
[EventCountry "USA"]
[SourceTitle "CB11_2025"]
[SourceDate "2025.03.12"]
[SourceVersion "1"]
[SourceVersionDate "2025.03.12"]
[SourceQuality "1"]

1. e4 c5 2. Nf3 Nc6 3. Bb5 g6 4. 0-0 Bg7 5. c3 Nf6 6. Re1 0-0 7. d4 d5 8. e5 Ne4 9. Nbd2 Nxd2 10. Bxd2 cxd4 11. cxd4 Qb6 12. Bxc6 Qxc6 13. Rc1 Qb6 14. Bc3 Bg4 15. h3 Bxf3 16. Qxf3 e6 17. a3 Rfc8 18. Qe3 Rc4 19. Rcd1 Rac8 20. Rd3 Bf8 21. Qd2 Qb3 22. Ree3 Qa2 23. Rf3 b5 24. Qf4 R8c7 25. Kh2 a6 26. h4 h6 27. h5 g5 28. Qg3 Qb1 29. Rfe3 Kh7 30. f4 Be7 31. Rf3 gxf4 32. Rxf4 Bg5 33. Rf2 Qc1 34. Rdf3 Kg7 35. Bd2 Qb1 36. Bxg5 hxg5 37. Qxg5+ Kf8 38. h6 Qh7 39. Qd8# 1-0

[Event "Titled Tuesday intern op 21st Jan Late"]
[Site "Chess.com INT"]
[Date "2025.01.21"]
[Round "3"]
[White "Dias, Joao Batista de Sou"]
[Black "Jimenez Fernandez, Rebeca"]
[Result "1-0"]
[WhiteElo "1809"]
[BlackElo "2114"]
[PlyCount "65"]
[EventDate "2025.01.21"]
[EventType "swiss (blitz)"]
[EventRounds "11"]
[EventCountry "USA"]
[SourceTitle "CB05_2025"]
[SourceDate "2025.01.29"]
[SourceVersion "1"]
[SourceVersionDate "2025.01.29"]
[SourceQuality "1"]

1. e4 c6 2. Nf3 d5 3. exd5 cxd5 4. d4 Nc6 5. h3 Qc7 6. Bd3 g6 7. c3 Bg7 8. 0-0 Bf5 9. Re1 e6 10. Bg5 Bxd3 11. Qxd3 Nge7 12. a4 0-0 13. Na3 Nf5 14. Nc2 Nd6 15. b3 a6 16. Rac1 b5 17. axb5 axb5 18. Ne3 Ra3 19. Qc2 Rfa8 20. Bf4 Ra2 21. Qd3 Rb8 22. c4 bxc4 23. bxc4 Nb4 24. Qb3 dxc4 25. Nxc4 e5 26. Nfxe5 Nxc4 27. Rxc4 Qb7 28. Rxb4 Qxb4 29. Qxf7+ Kh8 30. Qxa2 Qxe1+ 31. Kh2 Rf8 32. Nf7+ Rxf7 33. Qxf7 1-0

[Event "Titled Tuesday intern op 21st Jan Late"]
[Site "Chess.com INT"]
[Date "2025.01.21"]
[Round "6"]
[White "Jimenez Fernandez, Rebeca"]
[Black "De Sousa, Daniel Aguiar"]
[Result "0-1"]
[WhiteElo "2114"]
[BlackElo "1991"]
[PlyCount "120"]
[EventDate "2025.01.21"]
[EventType "swiss (blitz)"]
[EventRounds "11"]
[EventCountry "USA"]
[SourceTitle "CB05_2025"]
[SourceDate "2025.01.29"]
[SourceVersion "1"]
[SourceVersionDate "2025.01.29"]
[SourceQuality "1"]

1. e4 c5 2. Nc3 Nc6 3. g3 g6 4. Bg2 Bg7 5. d3 Nf6 6. Be3 d6 7. h3 0-0 8. Qd2 Re8 9. Bh6 Bh8 10. f4 Nd4 11. Nge2 Rb8 12. g4 e6 13. Ng3 Nd7 14. Bg5 Qb6 15. Nd1 Bg7 16. c3 Nc6 17. 0-0 e5 18. f5 c4+ 19. Kh1 cxd3 20. Qxd3 Qc7 21. fxg6 hxg6 22. Ne3 Nc5 23. Qc2 Ne7 24. Qf2 Rf8 25. Rad1 Be6 26. Bf6 Nc6 27. Bxg7 Kxg7 28. Qf6+ Kg8 29. Ngf5 gxf5 30. gxf5 Nd7 31. Qh6 f6 32. fxe6 Nc5 33. Rg1 Qh7 34. Bf3+ Kh8 35. Qxh7+ Kxh7 36. Rxd6 f5 37. exf5 Rbe8 38. Bg4 Ne4 39. Rd7+ Kh6 40. Rf1 Ng3+ 41. Kg2 Nxf1 42. Kxf1 Rxe6 43. Ke2 Ref6 44. Rxb7 e4 45. Rd7 Ne5 46. Rxa7 Nxg4 47. Nxg4+ Kg5 48. Nxf6 Rxf6 49. Ke3 Rxf5 50. Kxe4 Rf2 51. b4 Re2+ 52. Kd4 Re7 53. c4 Rxa7 54. c5 Kf6 55. c6 Ke6 56. b5 Kd6 57. b6 Ra4+ 58. Kc3 Kxc6 59. Kb3 Rh4 60. a4 Kxb6 0-1

[Event "ESP-ch 89th"]
[Site "Marbella"]
[Date "2024.12.14"]
[Round "4"]
[White "Garcia Fernandez, Victor"]
[Black "Jimenez Fernandez, Rebeca"]
[Result "1-0"]
[WhiteElo "2360"]
[BlackElo "2137"]
[PlyCount "107"]
[EventDate "2024.12.11"]
[EventType "swiss"]
[EventRounds "9"]
[EventCountry "ESP"]
[SourceTitle "CB52_2024"]
[SourceDate "2024.12.25"]
[SourceVersion "1"]
[SourceVersionDate "2024.12.25"]
[SourceQuality "1"]

1. d4 Nf6 2. c4 e6 3. Nc3 Bb4 4. e3 0-0 5. Bd3 d5 6. a3 Bxc3+ 7. bxc3 dxc4 8. Bxc4 c5 9. Ne2 Qc7 10. Ba2 b6 11. 0-0 Bb7 12. Ng3 Rd8 13. Qe2 cxd4 14. exd4 Qxc3 15. Bb2 Qc6 16. d5 Nxd5 17. Nh5 Nd7 18. Rfc1 Nc3 19. Qg4 Ne2+ 20. Kf1 Ng3+ 21. hxg3 Qb5+ 22. Qe2 Bxg2+ 23. Ke1 Qf5 24. Nxg7 Qh3 25. Qh5 Nc5 26. Bc4 b5 27. Qxh3 Bxh3 28. Bf1 Bxf1 29. Rxc5 Bc4 30. Nh5 Rd3 31. Nf6+ Kf8 32. Nxh7+ Ke7 33. Rc7+ Kd6 34. Rxf7 Kc6 35. Rd1 Rb3 36. Rd2 Rg8 37. Rxa7 Rg6 38. Nf8 Rh6 39. Rh7 Rxh7 40. Nxh7 Rf3 41. Nf6 Kc7 42. Ng4 Rb3 43. Ne5 Bd5 44. Nd3 Kb6 45. Nf4 Bc4 46. Kd1 Kc6 47. Kc2 Rf3 48. Bc3 Kc7 49. Ng2 Bd5 50. Ne3 Be4+ 51. Kb3 Kc6 52. Be5 Kb6 53. Kb4 Bc6 54. Bf4 1-0

[Event "Iberoamerican-ch 10th"]
[Site "Linares"]
[Date "2024.09.29"]
[Round "7"]
[White "Leyva, Hector"]
[Black "Jimenez Fernandez, Rebeca"]
[Result "1/2-1/2"]
[WhiteElo "2296"]
[BlackElo "2097"]
[PlyCount "137"]
[EventDate "2024.09.25"]
[EventType "swiss"]
[EventRounds "9"]
[EventCountry "ESP"]
[SourceTitle "EXT 2025"]
[Source "ChessBase"]
[SourceDate "2024.10.14"]
[SourceVersion "1"]
[SourceVersionDate "2024.10.14"]
[SourceQuality "1"]

1. Nf3 Nf6 2. g3 d5 3. Bg2 e6 4. 0-0 Be7 5. d3 0-0 6. a4 a5 7. Bf4 Nc6 8. Nc3 d4 9. Nb5 Nd5 10. Bd2 e5 11. c3 Bf6 12. Rc1 Be6 13. cxd4 exd4 14. Rxc6 bxc6 15. Nbxd4 Bd7 16. Qc2 c5 17. Qxc5 Bxa4 18. Ra1 Nb6 19. Bc3 Qd6 20. Qh5 Bd7 21. Ng5 Bxg5 22. Qxg5 f6 23. Qf4 Ra7 24. Qxd6 cxd6 25. Rxa5 Rxa5 26. Bxa5 Rc8 27. f4 Na4 28. b3 Nc3 29. Bb4 Bg4 30. Bxc3 Rxc3 31. Kf2 Kf8 32. h3 Bd7 33. g4 Ke7 34. f5 Rc1 35. Bd5 Rb1 36. h4 h6 37. Kg3 Rg1+ 38. Kf4 g5+ 39. hxg5 hxg5+ 40. Kf3 Rf1+ 41. Ke3 Rg1 42. Bf3 d5 43. Kf2 Rb1 44. Bxd5 Kd6 45. Bc4 Ke5 46. Ke3 Bc8 47. Nf3+ Kd6 48. Nd2 Rg1 49. Ne4+ Ke7 50. Kf3 Bb7 51. b4 Bxe4+ 52. Kxe4 Rxg4+ 53. Kd5 Kd7 54. b5 Kc7 55. Kc5 Rf4 56. b6+ Kb8 57. Bd5 Rxf5 58. e4 Rf2 59. Kd6 g4 60. d4 g3 61. e5 fxe5 62. dxe5 g2 63. Bxg2 Rxg2 64. e6 Rd2+ 65. Kc6 Re2 66. Kd7 Kb7 67. e7 Kxb6 68. e8Q Rxe8 69. Kxe8 1/2-1/2

[Event "Iberoamerican-ch 10th"]
[Site "Linares"]
[Date "2024.09.28"]
[Round "6"]
[White "Jimenez Fernandez, Rebeca"]
[Black "Vitier Vazquez, Cristian"]
[Result "1/2-1/2"]
[WhiteElo "2097"]
[BlackElo "2344"]
[PlyCount "81"]
[EventDate "2024.09.25"]
[EventType "swiss"]
[EventRounds "9"]
[EventCountry "ESP"]
[SourceTitle "EXT 2025"]
[Source "ChessBase"]
[SourceDate "2024.10.14"]
[SourceVersion "1"]
[SourceVersionDate "2024.10.14"]
[SourceQuality "1"]

1. e4 c5 2. Nf3 e6 3. d4 cxd4 4. Nxd4 Nf6 5. Nc3 Nc6 6. Ndb5 Bb4 7. a3 Bxc3+ 8. Nxc3 d5 9. exd5 exd5 10. Bd3 0-0 11. 0-0 Bg4 12. f3 Bh5 13. Bg5 Qb6+ 14. Kh1 Ne4 15. Nxe4 dxe4 16. Bxe4 Qxb2 17. Qb1 Qb6 18. Qxb6 axb6 19. Rfb1 Bg6 20. Bxc6 bxc6 21. Rxb6 Bxc2 22. Rxc6 Ba4 23. Rc7 Rfe8 24. Be7 h6 25. Kg1 Kh7 26. Bb4 Bb3 27. Kf2 Kg6 28. Rb1 Be6 29. Rd1 Reb8 30. Rd2 Re8 31. f4 Bb3 32. Rd6+ Kh7 33. Kf3 Rab8 34. Rd3 Ba2 35. Rd2 Be6 36. f5 Bb3 37. Rd3 Ba2 38. Rd2 Bb3 39. Rd3 Ba2 40. Rd2 Bb3 41. Rd3 1/2-1/2

[Event "Titled Tuesday intern op 10th Sep Early"]
[Site "Chess,com INT"]
[Date "2024.09.10"]
[Round "3"]
[White "Jimenez Fernandez, Rebeca"]
[Black "Deveci, Huseyin Said"]
[Result "1-0"]
[WhiteElo "2097"]
[BlackElo "2211"]
[PlyCount "47"]
[EventDate "2024.09.10"]
[EventType "swiss (blitz)"]
[EventRounds "11"]
[EventCountry "USA"]
[SourceTitle "EXT 2025"]
[Source "ChessBase"]
[SourceDate "2024.10.14"]
[SourceVersion "1"]
[SourceVersionDate "2024.10.14"]
[SourceQuality "1"]

1. e4 b6 2. d4 Bb7 3. Bd3 d6 4. Nf3 Nd7 5. 0-0 e6 6. Re1 Ngf6 7. c3 Be7 8. Nbd2 0-0 9. Nf1 e5 10. Ng3 a5 11. Nf5 Re8 12. Nxe7+ Qxe7 13. Bg5 Qe6 14. d5 Qg4 15. Bb5 Rf8 16. h3 Qh5 17. g4 Qxh3 18. Nh2 Ba6 19. Bxa6 Rxa6 20. Re3 Qxe3 21. Bxe3 Raa8 22. g5 Ne8 23. Qg4 g6 24. Qxd7 1-0

[Event "Titled Tuesday intern op 10th Sep Early"]
[Site "Chess,com INT"]
[Date "2024.09.10"]
[Round "7"]
[White "Kaliakhmet, Elnaz"]
[Black "Jimenez Fernandez, Rebeca"]
[Result "0-1"]
[WhiteElo "2137"]
[BlackElo "2097"]
[PlyCount "66"]
[EventDate "2024.09.10"]
[EventType "swiss (blitz)"]
[EventRounds "11"]
[EventCountry "USA"]
[SourceTitle "EXT 2025"]
[Source "ChessBase"]
[SourceDate "2024.10.14"]
[SourceVersion "1"]
[SourceVersionDate "2024.10.14"]
[SourceQuality "1"]

1. d4 Nf6 2. c4 g6 3. Nc3 Bg7 4. e4 d6 5. h3 Nbd7 6. Be3 e5 7. d5 0-0 8. Nf3 a5 9. g4 b6 10. Nd2 Nc5 11. f3 Bd7 12. h4 h5 13. g5 Ne8 14. Qc2 Qe7 15. 0-0-0 a4 16. Bh3 Bxh3 17. Rxh3 Qd7 18. Rhh1 c6 19. dxc6 Qxc6 20. Nd5 Ra7 21. Kb1 b5 22. cxb5 Qxb5 23. Nc4 a3 24. b3 Rb7 25. Nxd6 Nxd6 26. Qxc5 Qe2 27. Rd2 Qxf3 28. Rc1 Nxe4 29. Nf6+ Bxf6 30. gxf6 Nxc5 31. Rxc5 Qxe3 32. Rcd5 Rc7 33. Rd8 Qe4+ 0-1

[Event "Titled Tuesday intern op 03rd Sep Early"]
[Site "Chess.com INT"]
[Date "2024.09.03"]
[Round "8"]
[White "Alavkin, Arseny Nailievich"]
[Black "Jimenez Fernandez, Rebeca"]
[Result "1-0"]
[WhiteElo "2367"]
[BlackElo "2097"]
[PlyCount "71"]
[EventDate "2024.09.03"]
[EventType "swiss (blitz)"]
[EventRounds "11"]
[EventCountry "USA"]
[SourceTitle "EXT 2025"]
[Source "ChessBase"]
[SourceDate "2024.10.14"]
[SourceVersion "1"]
[SourceVersionDate "2024.10.14"]
[SourceQuality "1"]

1. d4 Nf6 2. c4 g6 3. Nc3 Bg7 4. Nf3 d6 5. Bg5 0-0 6. e3 Nbd7 7. h3 e5 8. Be2 Qe7 9. 0-0 h6 10. Bh4 g5 11. Bg3 e4 12. Nd2 c6 13. b4 d5 14. c5 Nh7 15. Bd6 Qe6 16. Bxf8 Ndxf8 17. Re1 Ng6 18. Bh5 f5 19. Bxg6 Qxg6 20. f3 g4 21. hxg4 exf3 22. Nxf3 fxg4 23. Ne5 Bxe5 24. dxe5 Ng5 25. e4 Nf3+ 26. gxf3 gxf3+ 27. Kf2 Qg2+ 28. Ke3 f2 29. Rg1 fxg1Q+ 30. Qxg1 Qxg1+ 31. Rxg1+ Kf7 32. exd5 cxd5 33. Nxd5 Bf5 34. Rf1 Ke6 35. Nc7+ Kxe5 36. Nxa8 1-0

[Event "Titled Tuesday intern op 03rd Sep Early"]
[Site "Chess.com INT"]
[Date "2024.09.03"]
[Round "10"]
[White "Jimenez Fernandez, Rebeca"]
[Black "Allahverdiyeva, Ayan"]
[Result "1/2-1/2"]
[WhiteElo "2097"]
[BlackElo "2174"]
[PlyCount "142"]
[EventDate "2024.09.03"]
[EventType "swiss (blitz)"]
[EventRounds "11"]
[EventCountry "USA"]
[SourceTitle "EXT 2025"]
[Source "ChessBase"]
[SourceDate "2024.10.14"]
[SourceVersion "1"]
[SourceVersionDate "2024.10.14"]
[SourceQuality "1"]

1. e4 c5 2. Nc3 d6 3. g3 g6 4. Bg2 Bg7 5. d3 Nc6 6. Be3 Rb8 7. Qd2 b5 8. Nge2 b4 9. Nd1 h5 10. h3 h4 11. g4 Nd4 12. 0-0 Bxg4 13. hxg4 h3 14. Bh1 h2+ 15. Kg2 e5 16. Bxd4 Qh4 17. Qe3 Qxg4+ 18. Qg3 Qxe2 19. Be3 Qxc2 20. Bg5 Nf6 21. Ne3 Qxd3 22. Bxf6 Bxf6 23. Ng4 Qxe4+ 24. f3 Qf5 25. Nxf6+ Qxf6 26. Rfe1 Qf5 27. Rad1 Qc2+ 28. Qf2 Qc4 29. Rxd6 Qf4 30. Rd5 f6 31. Qg3 Qf5 32. Rdxe5+ fxe5 33. Rxe5+ Kf7 34. Rxf5+ gxf5 35. Qe5 Rbg8+ 36. Kf2 Rh5 37. f4 Rg1 38. Bd5+ Kg6 39. Qe8+ Kh6 40. Qh8+ Kg6 41. Bf7+ Kxf7 42. Qxh5+ Kf6 43. Qxh2 Ra1 44. Qh8+ Kf7 45. Qh7+ Kf6 46. Qxa7 Rb1 47. Qb6+ Kf7 48. Qxc5 Rxb2+ 49. Kg3 Kg6 50. Qd6+ Kh5 51. Qf6 Rb3+ 52. Kf2 Rf3+ 53. Ke2 Rxf4 54. Qh8+ Kg4 55. Qg8+ Kh4 56. Ke3 Rg4 57. Qh7+ Kg5 58. Qg7+ Kh5 59. Qh7+ Kg5 60. Qh2 Re4+ 61. Kd3 Kf6 62. Qd6+ Kf7 63. Qd7+ Kf6 64. Kc2 Rg4 65. Qd6+ Kg5 66. Qe7+ Kg6 67. Qe8+ Kf6 68. Qf8+ Ke6 69. Qe8+ Kf6 70. Qf8+ Ke6 71. Qe8+ Kf6 1/2-1/2

[Event "Titled Tuesday intern op 03rd Sep Early"]
[Site "Chess.com INT"]
[Date "2024.09.03"]
[Round "11"]
[White "Lai, Duc Minh1"]
[Black "Jimenez Fernandez, Rebeca"]
[Result "0-1"]
[WhiteElo "2058"]
[BlackElo "2097"]
[PlyCount "112"]
[EventDate "2024.09.03"]
[EventType "swiss (blitz)"]
[EventRounds "11"]
[EventCountry "USA"]
[SourceTitle "EXT 2025"]
[Source "ChessBase"]
[SourceDate "2024.10.14"]
[SourceVersion "1"]
[SourceVersionDate "2024.10.14"]
[SourceQuality "1"]

1. d4 Nf6 2. Nc3 g6 3. Bf4 Bg7 4. e4 d6 5. Qd2 0-0 6. 0-0-0 Nbd7 7. e5 Nh5 8. Bh6 dxe5 9. dxe5 Bxe5 10. Bxf8 Bf4 11. Qxf4 Nxf4 12. Bh6 e5 13. g3 Ne6 14. Bg2 Qf6 15. Be3 Nb6 16. b3 c5 17. Ne4 Qe7 18. Nf3 Nd4 19. c3 Nxf3 20. Bxf3 f6 21. Bxc5 Qg7 22. Rd8+ Kf7 23. Bxb6 axb6 24. Rxc8 Rxc8 25. Nd6+ Ke6 26. Nxc8 Qc7 27. c4 Qxc8 28. Rd1 Qc5 29. Rd2 b5 30. Bxb7 bxc4 31. Bd5+ Ke7 32. Bxc4 f5 33. Kb2 e4 34. a3 g5 35. Rc2 f4 36. gxf4 gxf4 37. b4 Qd4+ 38. Kb3 e3 39. fxe3 Qxe3+ 40. Ka4 f3 41. b5 Qa7+ 42. Kb4 f2 43. Rc1 Kd6 44. a4 Qc5+ 45. Kb3 Qe3+ 46. Kb2 Kc5 47. Bb3+ Kb4 48. Rc4+ Ka5 49. Rc1 Qxc1+ 50. Kxc1 f1Q+ 51. Kb2 Qe2+ 52. Bc2 Kb4 53. b6 Qe5+ 54. Kc1 Qg5+ 55. Kd1 Qd8+ 56. Bd3 Qxb6 0-1

[Event "Titled Tuesday intern op 03rd Sep Early"]
[Site "Chess.com INT"]
[Date "2024.09.03"]
[Round "2"]
[White "Pozzari, Simone"]
[Black "Jimenez Fernandez, Rebeca"]
[Result "0-1"]
[WhiteElo "2048"]
[BlackElo "2097"]
[PlyCount "126"]
[EventDate "2024.09.03"]
[EventType "swiss (blitz)"]
[EventRounds "11"]
[EventCountry "USA"]
[SourceTitle "EXT 2025"]
[Source "ChessBase"]
[SourceDate "2024.10.14"]
[SourceVersion "1"]
[SourceVersionDate "2024.10.14"]
[SourceQuality "1"]

1. Nf3 g6 2. d4 Bg7 3. c4 Nf6 4. g3 d6 5. Bg2 0-0 6. 0-0 Nbd7 7. Nc3 e5 8. d5 Ne8 9. e4 f5 10. Ne1 f4 11. Nd3 g5 12. g4 Ndf6 13. f3 h5 14. h3 Kf7 15. Kf2 Rh8 16. Rh1 c6 17. Bd2 Nc7 18. b4 Bd7 19. a4 Rh6 20. Qb3 Qe7 21. a5 a6 22. dxc6 bxc6 23. b5 axb5 24. cxb5+ Be6 25. Qa4 cxb5 26. Nxb5 Nxb5 27. Qxb5 Qa7+ 28. Qb6 Rhh8 29. Rhc1 Kg6 30. Bb4 Rhd8 31. Rc6 Ne8 32. Rac1 Kh7 33. Bf1 Bf7 34. Be2 d5 35. exd5 Bxd5 36. R6c5 e4 37. fxe4 Bxe4 38. Ne1 Bd4+ 39. Kf1 Bxc5 40. Bxc5 Qxb6 41. Bxb6 Rd7 42. Bb5 Re7 43. Rc5 Nd6 44. Rxg5 Nxb5 45. Rxh5+ Kg7 46. Rxb5 Rc8 47. Rg5+ Kf7 48. Rb5 Rc1 49. Bf2 Bd3+ 50. Kg2 Bxb5 51. Nf3 Bc6 52. h4 Rc3 53. g5 Bxf3+ 54. Kf1 Bh5 55. Be1 Rb7 56. Bf2 Rb1+ 57. Kg2 Rb2 58. Kf1 Rc1+ 59. Kg2 Rcc2 60. g6+ Kxg6 61. a6 Rxf2+ 62. Kg1 Rfc2 63. a7 Rc1# 0-1

[Event "ESP-chT Rapid"]
[Site "Ubeda"]
[Date "2024.08.25"]
[Round "6.17"]
[White "Jimenez Fernandez, Rebeca"]
[Black "Cuartas, Jaime Alexander"]
[Result "1/2-1/2"]
[WhiteElo "2090"]
[BlackElo "2523"]
[PlyCount "85"]
[EventDate "2024.08.25"]
[EventType "team-swiss (rapid)"]
[EventRounds "7"]
[EventCountry "ESP"]
[SourceTitle "CBM 221 Extra"]
[Source "ChessBase"]
[SourceDate "2024.09.30"]
[SourceVersion "1"]
[SourceVersionDate "2024.09.30"]
[SourceQuality "1"]
[WhiteTeam "La Zubia II"]
[BlackTeam "Barbera"]
[WhiteTeamCountry "ESP"]
[BlackTeamCountry "ESP"]

1. e4 c5 2. Nc3 Nc6 3. g3 g6 4. Bg2 Bg7 5. d3 d6 6. Be3 e5 7. Qd2 h5 8. h3 Nge7 9. Nge2 Rb8 10. 0-0 b5 11. f4 b4 12. Nd1 exf4 13. gxf4 f5 14. Kh1 Nd4 15. Ng3 h4 16. Ne2 Kf8 17. Nc1 a5 18. c3 Ne6 19. Ne2 Bb7 20. Nf2 d5 21. exf5 Nxf5 22. d4 Ba6 23. Kh2 bxc3 24. bxc3 cxd4 25. Bxd4 Nexd4 26. cxd4 Bxe2 27. Qxe2 Ng3 28. Qe6 Rb6 29. Qe3 Nxf1+ 30. Rxf1 Bf6 31. Ng4 Kg7 32. Ne5 Qc8 33. Bxd5 Rb2+ 34. Kh1 Qc2 35. Qg1 Rd8 36. Rc1 Qh2+ 37. Qxh2 Rxh2+ 38. Kxh2 Rxd5 39. Rc7+ Kg8 40. Rc8+ Kg7 41. Rc7+ Kg8 42. Rc8+ Kg7 43. Rc7+ 1/2-1/2

[Event "ESP-chT Rapid"]
[Site "Ubeda"]
[Date "2024.08.25"]
[Round "1.21"]
[White "Jimenez Fernandez, Rebeca"]
[Black "Lopez Martinez, Josep Manuel"]
[Result "0-1"]
[WhiteElo "2090"]
[BlackElo "2453"]
[PlyCount "90"]
[EventDate "2024.08.25"]
[EventType "team-swiss (rapid)"]
[EventRounds "7"]
[EventCountry "ESP"]
[SourceTitle "CBM 221 Extra"]
[Source "ChessBase"]
[SourceDate "2024.09.30"]
[SourceVersion "1"]
[SourceVersionDate "2024.09.30"]
[SourceQuality "1"]
[WhiteTeam "La Zubia II"]
[BlackTeam "La Zubia"]
[WhiteTeamCountry "ESP"]
[BlackTeamCountry "ESP"]

1. e4 c6 2. d4 d5 3. Nc3 dxe4 4. Nxe4 Nd7 5. Ng5 Ngf6 6. Bd3 e6 7. Qe2 Bd6 8. N1f3 h6 9. Ne4 Nxe4 10. Qxe4 Qc7 11. Bd2 b6 12. 0-0-0 Bb7 13. c4 0-0-0 14. Kb1 c5 15. Qe2 Kb8 16. Bc3 Nf6 17. Bc2 cxd4 18. Nxd4 a6 19. Rd2 Rd7 20. Nf3 Rhd8 21. Rhd1 Ka7 22. Ne5 Bxe5 23. Bxe5 Rxd2 24. Bxc7 Rxe2 25. Rxd8 Bxg2 26. Rd6 Re1+ 27. Bd1 Bf3 28. Kc2 Rxd1 29. Rxd1 Bxd1+ 30. Kxd1 Nd7 31. Ke2 Kb7 32. Bf4 Kc6 33. Be3 g5 34. b4 b5 35. cxb5+ axb5 36. Kd3 Kd5 37. Kc3 Ne5 38. Kb3 Ng4 39. Ba7 Nxh2 40. a4 Kc6 41. a5 h5 42. Kc3 h4 43. Bb8 Nf3 44. Kd3 e5 45. Ke4 g4 0-1

[Event "ESP-chT CECLUB Div1"]
[Site "Linares"]
[Date "2024.08.20"]
[Round "3.6"]
[White "Jimenez Fernandez, Rebeca"]
[Black "Guillo Longares, Cecilia"]
[Result "1-0"]
[WhiteElo "2090"]
[BlackElo "2089"]
[PlyCount "101"]
[EventDate "2024.08.18"]
[EventType "team-tourn"]
[EventRounds "7"]
[EventCountry "ESP"]
[SourceTitle "CBM 221 Extra"]
[Source "ChessBase"]
[SourceDate "2024.09.30"]
[SourceVersion "1"]
[SourceVersionDate "2024.09.30"]
[SourceQuality "1"]
[WhiteTeam "Granada Aimpulsa"]
[BlackTeam "Eva Manises"]
[WhiteTeamCountry "ESP"]
[BlackTeamCountry "ESP"]

1. e4 c5 2. Nf3 Nf6 3. e5 Nd5 4. Nc3 e6 5. Nxd5 exd5 6. d4 Nc6 7. dxc5 Bxc5 8. Bd3 d6 9. exd6 0-0 10. 0-0 Qxd6 11. Re1 Nb4 12. Be3 d4 13. Nxd4 Nd5 14. Nb3 Bxe3 15. Rxe3 Rd8 16. Re1 Qf6 17. Qe2 Be6 18. Qe5 Qxe5 19. Rxe5 Nb4 20. Be4 Rac8 21. c3 Nd3 22. Bxd3 Rxd3 23. Nc5 Rd2 24. Nxe6 fxe6 25. Rb5 Rcd8 26. Re1 R8d7 27. g3 Kf7 28. Re3 Rc2 29. a4 b6 30. b3 Rd5 31. Rxd5 exd5 32. Re5 Rxc3 33. Rxd5 Ke6 34. Rb5 Kd6 35. h4 Kc6 36. Rg5 g6 37. h5 Rc5 38. Rxc5+ Kxc5 39. hxg6 hxg6 40. f4 Kb4 41. g4 Kxb3 42. f5 gxf5 43. gxf5 Kxa4 44. f6 b5 45. f7 b4 46. f8Q a5 47. Kf2 Ka3 48. Ke2 a4 49. Kd2 Kb3 50. Qc5 Ka3 51. Kc2 1-0